000 00530nam a2200205Ia 4500
003 OSt
005 20220926040711.0
006 a|||||r|||| 00| 0
007 ta
008 220923b |||||||| |||| 00| 0 eng d
037 _cGeneral Book
040 _aRTL
_cRTL
_beng
041 _2eng
_aeng
082 _aX:8M4, E5
245 0 _aPITMAN'S COMMERCIAL correspondence and commercial
260 _c1915
650 _aCorrespondence Management
_9247795
942 _hX:8M4, E5
_cGB
_2CC
999 _c665396
_d665396